| 000 | 01637 a2200241 4500 | ||
|---|---|---|---|
| 001 | 14658 | ||
| 005 | 20260407155448.0 | ||
| 008 | 260407a2012 arg spa d | ||
| 003 | AR-UNSa-BCEJYS | ||
| 040 |
_aAR-UNSa-BCEJYS _bspa _cAR-UNSa-BCEJYS |
||
| 080 |
_a330.34 _xDesarrollo Económico |
||
| 245 | 1 | 0 | _aEconomic development |
| 020 | _a978-0-13-801388-2 | ||
| 250 | _a11a. ed. | ||
| 264 | 1 |
_aBoston : _bPearson _c2012 |
|
| 300 |
_axxvii, 801 p. _c26 cm. |
||
| 505 | _a1. Introducing economic development: a global perspective - 2. Comparative economic development - 3. Classic theories of economic growth and development - 4. Contemporary models of development and underdevelopment - 5. Poverty, inequality, and development - 6. Population Growth and economic development: causes, consequences, and controversies - 7. Urbanization and rural-urban migration: theory and policy - 8. Human capital: education and health in economic development - 9. Agricultural transformation and rural development - 10. The environment and development - 11. Development policymaking and the roles of market, state, and civil society - 12. International trade theory and development strategy - 13. Balance of payments, debt, financial crises, and stabilization policies - 14. Foreign finance, investment, and Aid: controversies and opportunities - 15. Finance and fiscal policy for development | ||
| 942 | _cBK | ||
| 590 | _aniveau_biblio:m niveau_hierar:0 | ||
| 100 | 1 | _aTodaro, Michael P. | |
| 700 | 1 | _aSmith, Stephen C. | |
| 856 | 4 | 1 |
_uhttps://biblioeco.unsa.edu.ar/pmb/images/libros/Economic Development-l118977.jpg _yImagen de portada _qimage/jpeg |
| 999 |
_c598 _d598 |
||